| Tag |
First Indicator |
Second Indicator |
Subfields |
| LEADER |
00000cam a2200000 4500 |
| 001 |
in00000046447 |
| 005 |
20151007073215.0 |
| 008 |
750716s1947 nyua b 00000 eng u |
| 010 |
|
|
|a med47002497
|
| 035 |
|
|
|a (OCoLC)01453676
|
| 035 |
|
|
|9 AAE9317AM
|
| 040 |
|
|
|c JPL
|d TXA
|d UtOrBLW
|
| 049 |
|
|
|a TXAM
|c 1 [151062]
|c 2 [151612]
|
| 050 |
0 |
0 |
|a RA407.3
|b .M3
|a W74M256e 1947
|
| 082 |
0 |
|
|a 614.2
|
| 092 |
|
|
|a 614.2
|b M256o
|
| 100 |
1 |
|
|a Malmberg, Carl,
|d 1904-
|
| 245 |
1 |
0 |
|a 140 million patients.
|
| 264 |
|
1 |
|a New York :
|b Reynal & Hitchcock,
|c [1947]
|
| 300 |
|
|
|a xii, 242 pages :
|b illustrations ;
|c 21 cm.
|
| 336 |
|
|
|a text
|b txt
|2 rdacontent
|
| 337 |
|
|
|a unmediated
|b n
|2 rdamedia
|
| 338 |
|
|
|a volume
|b nc
|2 rdacarrier
|
| 504 |
|
|
|a Bibliographical footnotes.
|
| 650 |
|
0 |
|a Medical economics.
|
| 999 |
|
|
|a MARS
|
| 999 |
f |
f |
|s 09a49352-c653-3e79-ad58-054c4c22de87
|i 1de0a227-9f31-3d62-a0ac-6dfe969153f0
|t 0
|
| 952 |
f |
f |
|p ric
|a Texas A&M University
|b Rellis Campus
|c Joint Library Facility
|d Remote Storage
|t 0
|e RA407.3 .M3
|h Library of Congress classification
|i unmediated -- volume
|m A14801029761
|
| 998 |
f |
f |
|a RA407.3 .M3
|t 0
|l Remote Storage
|